<?xml version="1.0" encoding="UTF-8"?><?xml-stylesheet type="text/xsl" href="static/style.xsl"?><OAI-PMH xmlns="http://www.openarchives.org/OAI/2.0/" xmlns:xsi="http://www.w3.org/2001/XMLSchema-instance" xsi:schemaLocation="http://www.openarchives.org/OAI/2.0/ http://www.openarchives.org/OAI/2.0/OAI-PMH.xsd"><responseDate>2026-04-17T03:31:32Z</responseDate><request verb="GetRecord" identifier="oai:www.recercat.cat:2117/340091" metadataPrefix="marc">https://recercat.cat/oai/request</request><GetRecord><record><header><identifier>oai:recercat.cat:2117/340091</identifier><datestamp>2025-07-23T06:59:43Z</datestamp><setSpec>com_2072_1033</setSpec><setSpec>col_2072_452951</setSpec></header><metadata><record xmlns="http://www.loc.gov/MARC21/slim" xmlns:dcterms="http://purl.org/dc/terms/" xmlns:xsi="http://www.w3.org/2001/XMLSchema-instance" xmlns:doc="http://www.lyncode.com/xoai" xsi:schemaLocation="http://www.loc.gov/MARC21/slim http://www.loc.gov/standards/marcxml/schema/MARC21slim.xsd">
   <leader>00925njm 22002777a 4500</leader>
   <datafield ind2=" " ind1=" " tag="042">
      <subfield code="a">dc</subfield>
   </datafield>
   <datafield ind2=" " ind1=" " tag="720">
      <subfield code="a">Just Orriols, Ariadna</subfield>
      <subfield code="e">author</subfield>
   </datafield>
   <datafield ind2=" " ind1=" " tag="260">
      <subfield code="c">2007</subfield>
   </datafield>
   <datafield ind2=" " ind1=" " tag="520">
      <subfield code="a">Pel que fa als meus coneixements, l’objectiu d’aquest projecte abastaria la metodologia del treball amb GPS, treball amb estació total i també posaria en pràctica el traçat d’una nova carretera. D’aquesta manera també aprendria a utilitzar les aplicacions informàtiques necessàries per a realitzar cadascun d’aquests processos. Els programes que es volen utilitzar són MDT v.4.0.0 ( Modelo Digital del Terreno ), Leica SKI-Pro, de Leica Geosystems, WH Trazado de Carreteras i AutoCad 2006. La tecnologia GPS ha generat una bona repercussió en el camp de la&#xd;
topografia. Conseqüentment, un dels objectius primordials que em proposo realitzar en aquest projecte és el fet d’explotar els avantatges que ofereix aquesta tecnologia. Per això, la major part de l’aixecament topogràfic es realitzarà amb els equips GPS de l’escola.</subfield>
   </datafield>
   <datafield tag="653" ind2=" " ind1=" ">
      <subfield code="a">Àrees temàtiques de la UPC::Enginyeria civil::Infraestructures i modelització dels transports::Transport per carretera</subfield>
   </datafield>
   <datafield tag="653" ind2=" " ind1=" ">
      <subfield code="a">Àrees temàtiques de la UPC::Enginyeria civil::Geomàtica::Sistemes d'informació geogràfica</subfield>
   </datafield>
   <datafield tag="653" ind2=" " ind1=" ">
      <subfield code="a">Roads -- Drawings</subfield>
   </datafield>
   <datafield tag="653" ind2=" " ind1=" ">
      <subfield code="a">Carreteres -- Traçat</subfield>
   </datafield>
   <datafield tag="653" ind2=" " ind1=" ">
      <subfield code="a">Aixecaments topogràfics</subfield>
   </datafield>
   <datafield ind2="0" ind1="0" tag="245">
      <subfield code="a">Camí d'accés al poble de Peguera</subfield>
   </datafield>
</record></metadata></record></GetRecord></OAI-PMH>